Titre à son album - Jul - Clic quiz - Statistiques

Statistiques générales
  • Ce quiz a été pris 72 fois
    68 depuis la dernière actualisation
  • Le résultat moyen est 13 sur 35
Statistiques - réponses
Hint Réponse % Correct
J'oublie tout Dans ma paranoïa
66%
Mimi D&P à vie
61%
Nostalgique TP sur TP
61%
En Y My world
55%
Pow pow C'est pas des LOL
52%
La classe Émotions
52%
Ma casio Indépendance
52%
La bandite Rien100rien
52%
C'est le son de la gratte L'ovni
45%
Parfum quartier Album gratuit, vol.4
43%
La faille C'est quand qu'il s'éteint ?
43%
Assassinat Demain ça ira
41%
Capata Inarêtable
41%
Ma jolie Je ne me vois pas briller
41%
J'ai tout su Extraterrestre
39%
Mélancolie du soir Inspi d'ailleurs
39%
Chocolata Coeur blanc
36%
Italia La machine
36%
La passat Loin du monde
36%
Cousine Album gratuit
34%
Vacancia Décennie
34%
Et je deviens fou La zone en personne
34%
Il pleut des balles Mise à jour
34%
Briganté Lacrizeomic
32%
La fusée Je trouve pas le sommeil
30%
Imagine Album gratuit, vol.3
23%
À bout de nerfs Jul
23%
La máquina La route est longue
23%
Temps d'avant La tête dans les nuages
23%
Carré d'as Album gratuit, vol.6
20%
Ça... Je tourne en rond
20%
500 chevaux Album gratuit, vol.2
18%
Bobo au corazon Album gratuit, vol.7
16%
Pocahontas Album gratuit, vol.5
14%
La capucha Album gratuit, vol.8
11%
Aucun quiz correspondant
Distribution des résultats
% des personnes avec chaque résultat
Percentile par nombre de réponses
Votre historique - résultats
Vous n’avez pas pris ce quiz depuis la dernière actualisation